[Event "Puchong FF08 IM"]
[Site "Puchong"]
[Date "2017.08.21"]
[Round "10"]
[White "Muzzafar, Ahmad"]
[Black "Chua, Chee Sian Sebastien"]
[Result "1/2-1/2"]
[WhiteElo "1947"]
[BlackElo "1455"]
[PlyCount "58"]
[EventDate "2017.08.14"]
[EventType "tourn"]
[EventRounds "10"]
[EventCountry "MAS"]
[SourceTitle "CBM 187 Extra"]
[Source "ChessBase"]
[SourceDate "2018.11.04"]
[SourceVersion "1"]
[SourceVersionDate "2018.11.04"]
[SourceQuality "1"]

1. e4 c6 2. Nc3 d5 3. Nf3 Bg4 4. h3 Bxf3 5. Qxf3 e6 6. d4 dxe4 7. Qxe4 Nf6 8. Qd3 c5 9. Bf4 Nc6 10. dxc5 Qxd3 11. Bxd3 Bxc5 12. 0-0 0-0 13. a3 Rfd8 14. Rad1 a6 15. Ne4 Be7 16. Bc7 Rdc8 17. Bb6 Nd5 18. Bc5 Bxc5 19. Nxc5 Ne5 20. Nxb7 Nxd3 21. Rxd3 Rab8 22. Nd6 Rxc2 23. b4 Rc3 24. Rxc3 Nxc3 25. Kh2 Kf8 26. Rc1 Nb5 27. Nxb5 Rxb5 28. Rc8+ Ke7 29. Ra8 Rb6 1/2-1/2

[Event "Puchong FF08 IM"]
[Site "Puchong"]
[Date "2017.08.15"]
[Round "2"]
[White "Ng, Jun Fung Isaac"]
[Black "Chua, Chee Sian Sebastien"]
[Result "1-0"]
[WhiteElo "1246"]
[BlackElo "1455"]
[PlyCount "85"]
[EventDate "2017.08.14"]
[EventType "tourn"]
[EventRounds "10"]
[EventCountry "MAS"]
[SourceTitle "CBM 187 Extra"]
[Source "ChessBase"]
[SourceDate "2018.11.04"]
[SourceVersion "1"]
[SourceVersionDate "2018.11.04"]
[SourceQuality "1"]

1. d4 d5 2. c4 e6 3. Nc3 Nf6 4. Bg5 Be7 5. Nf3 0-0 6. e3 Nbd7 7. Bd3 dxc4 8. Bxc4 a6 9. a4 c5 10. 0-0 cxd4 11. exd4 h6 12. Bh4 Nb6 13. Bd3 Nbd5 14. Re1 b6 15. Qb3 Bb7 16. Rac1 Nxc3 17. bxc3 Bxf3 18. gxf3 Nd5 19. Bg3 Bg5 20. Rc2 Qf6 21. Be4 Rad8 22. Be5 Qe7 23. Rb1 Bf4 24. Bxd5 Qg5+ 25. Kh1 Bxe5 26. Be4 Bc7 27. Rg1 Qh5 28. Rg2 b5 29. Rc1 bxa4 30. Qxa4 Bf4 31. Rcg1 g5 32. Qxa6 Rd6 33. Qb7 f5 34. Bc2 Rd5 35. Qc6 Rd6 36. Qb7 Rd5 37. Qc6 Kf7 38. Rb1 Qxf3 39. c4 h5 40. cxd5 Kg6 41. Qxe6+ Rf6 42. Bxf5+ Kg7 43. Rb7+ 1-0